Kanhadade prabandha, India's greatest patriotic saga of medieval times : (Record no. 891730)

MARC details
000 -LEADER
fixed length control field 01234nam a2200349 a 4500
001 - CONTROL NUMBER
control field vtls001438443
003 - CONTROL NUMBER IDENTIFIER
control field NLI
005 - DATE AND TIME OF LATEST TRANSACTION
control field 20210627122018.0
008 - FIXED-LENGTH DATA ELEMENTS--GENERAL INFORMATION
fixed length control field 121130s1991 ii 001 p eng
020 ## - INTERNATIONAL STANDARD BOOK NUMBER
International Standard Book Number 8185179549
Terms of availability Rs. 200.00
039 #9 - LEVEL OF BIBLIOGRAPHIC CONTROL AND CODING DETAIL [OBSOLETE]
-- 201211301642
-- VLOAD
040 ## - CATALOGING SOURCE
Original cataloging agency NLI
Language of cataloging eng
Transcribing agency Datasoft_GENG
Description conventions AACR2
041 1# - LANGUAGE CODE
Language code of text/sound track or separate title eng
Language code of original raj
044 ## - COUNTRY OF PUBLISHING/PRODUCING ENTITY CODE
MARC country code ii
082 04 - DEWEY DECIMAL CLASSIFICATION NUMBER
Classification number 891.4791
240 10 - UNIFORM TITLE
Uniform title Kanhadade prabandha.
Language of a work English
245 00 - TITLE STATEMENT
Title Kanhadade prabandha, India's greatest patriotic saga of medieval times :
Remainder of title Padmanabha's epic account of Kanhadade /
Statement of responsibility, etc. translated, introduced and annotated by V. S. Bhatnagar
260 ## - PUBLICATION, DISTRIBUTION, ETC.
Place of publication, distribution, etc. New Delhi :
Name of publisher, distributor, etc. Aditya Prakashan,
Date of publication, distribution, etc. 1991
300 ## - PHYSICAL DESCRIPTION
Extent xxiv, 227 p ;
Dimensions 22 cm.
500 ## - GENERAL NOTE
General note Translation of: Kanhadade prabandha
504 ## - BIBLIOGRAPHY, ETC. NOTE
Bibliography, etc. note Includes bibliographical references and index
650 #0 - SUBJECT ADDED ENTRY--TOPICAL TERM
Topical term or geographic name entry element Rajasthani poetry
General subdivision Translations into English
9 (RLIN) 780849
650 #0 - SUBJECT ADDED ENTRY--TOPICAL TERM
Topical term or geographic name entry element Epic poetry, Rajasthani
General subdivision Translations into English
9 (RLIN) 997301
651 #0 - SUBJECT ADDED ENTRY--GEOGRAPHIC NAME
Geographic name India
General subdivision History
700 1# - ADDED ENTRY--PERSONAL NAME
Personal name Bhatnagar, V. S.,
Relationship trl
9 (RLIN) 1003548
887 ## - NON-MARC INFORMATION FIELD
Content of non-MARC field
901 ## - LOCAL DATA ELEMENT A, LDA (RLIN)
a DB59223
b 22.04.1991
902 ## - LOCAL DATA ELEMENT B, LDB (RLIN)
a E 891.4791 K 131
904 ## - LOCAL DATA ELEMENT D, LDD (RLIN)
l 3230
949 ## - LOCAL PROCESSING INFORMATION (OCLC)
-- VIRTUAITEM
-- 10000
-- 100
6 DBA000059223ENG
942 ## - ADDED ENTRY ELEMENTS (KOHA)
Source of classification or shelving scheme Dewey Decimal Classification
Koha item type Books
Holdings
Withdrawn status Lost status Damaged status Not for loan Collection code Home library Current library Shelving location Date acquired Total Checkouts Full call number Barcode Date last seen Price effective from Koha item type
        New English National Library of India National Library of India New English - Main Stack Division     E 891.4791 K 131 DBA000059223ENG 27/06/2021 27/06/2021 Books
                                                                           
web counter

Copyright ©2020 The National Library of India, Govt. of India ↔ Hosted by NVLI, MOC ↔ Technology and Design by National Library of India, Ministry of Culture, Govt. of India